LEADER 03948nam 22007215 450 001 9910416527603321 005 20230526232511.0 010 $a3-030-55236-5 024 7 $a10.1007/978-3-030-55236-7 035 $a(OCoLC)1191246556 035 $a(CKB)4100000011401104 035 $a(MiAaPQ)EBC6318827 035 $a(DE-He213)978-3-030-55236-7 035 $a(PPN)250213095 035 $a(EXLCZ)994100000011401104 100 $a20200825d2020 u| 0 101 0 $aeng 135 $aurcnu|||||||| 181 $ctxt$2rdacontent 182 $cc$2rdamedia 183 $acr$2rdacarrier 200 10$aAccelerated Pavement Testing to Transport Infrastructure Innovation$b[electronic resource] $eProceedings of 6th APT Conference /$fedited by Armelle Chabot, Pierre Hornych, John Harvey, Luis Guillermo Loria-Salazar 205 $a1st ed. 2020. 210 1$aCham :$cSpringer International Publishing :$cImprint: Springer,$d2020. 215 $a1 online resource (724 pages) 225 1 $aLecture Notes in Civil Engineering,$x2366-2557 ;$v96 311 $a3-030-55235-7 330 $aThis volume gathers the latest advances, innovations, and applications in the field of accelerated pavement testing (APT), presented at the 6th International Conference on Accelerated Pavement Testing, in Nantes, France, on September 27-29, 2021. Discussing APT, which involves rapid testing of full-scale pavement constructions for structural deterioration, the book covers topics such as APT facilities, APT of asphalt concrete and sustainable/innovative materials, APT for airfield pavements, testing of maintenance and rehabilitation solutions, testing of smart and multi-functional pavements, data analysis and modeling, monitoring and non-destructive testing, and efficient means of calibrating/developing pavement design methods. Featuring peer-reviewed contributions by leading international researchers and engineers, the book is a timely and highly relevant resource for materials scientists and engineers interested in determining the performance of pavement structures during their service life (10+ years) in a few weeks or months. 410 0$aLecture Notes in Civil Engineering,$x2366-2557 ;$v96 606 $aBuilding materials 606 $aMaterials science 606 $aBuilding 606 $aStrength of materials 606 $aEngineering geology 606 $aFoundations 606 $aHydraulics 606 $aBuilding Materials$3https://scigraph.springernature.com/ontologies/product-market-codes/T23047 606 $aCharacterization and Evaluation of Materials$3https://scigraph.springernature.com/ontologies/product-market-codes/Z17000 606 $aBuilding Construction and Design$3https://scigraph.springernature.com/ontologies/product-market-codes/T23012 606 $aGeoengineering, Foundations, Hydraulics$3https://scigraph.springernature.com/ontologies/product-market-codes/T23020 615 0$aBuilding materials. 615 0$aMaterials science. 615 0$aBuilding. 615 0$aStrength of materials. 615 0$aEngineering geology. 615 0$aFoundations. 615 0$aHydraulics. 615 14$aBuilding Materials. 615 24$aCharacterization and Evaluation of Materials. 615 24$aBuilding Construction and Design. 615 24$aGeoengineering, Foundations, Hydraulics. 676 $a625.8 702 $aChabot$b Armelle$4edt$4http://id.loc.gov/vocabulary/relators/edt 702 $aHornych$b Pierre$4edt$4http://id.loc.gov/vocabulary/relators/edt 702 $aHarvey$b John$4edt$4http://id.loc.gov/vocabulary/relators/edt 702 $aLori?a-Salazar$b Luis G$4edt$4http://id.loc.gov/vocabulary/relators/edt 801 0$bMiAaPQ 801 1$bMiAaPQ 801 2$bMiAaPQ 906 $aBOOK 912 $a9910416527603321 996 $aAccelerated Pavement Testing to Transport Infrastructure Innovation$91914831 997 $aUNINA LEADER 02871 am 2200493 n 450 001 9910131261803321 005 20150420 010 $a2-8218-4422-0 024 7 $a10.4000/books.ifea.5519 035 $a(CKB)3710000000420122 035 $a(FrMaCLE)OB-ifea-5519 035 $a(oapen)https://directory.doabooks.org/handle/20.500.12854/43872 035 $a(PPN)189309504 035 $a(EXLCZ)993710000000420122 100 $a20150604j|||||||| ||| 0 101 0 $aspa 135 $auu||||||m|||| 181 $ctxt$2rdacontent 182 $cc$2rdamedia 183 $acr$2rdacarrier 200 10$aConservación contra natura. Las Islas Galápagos /$fChristophe Grenier 210 $aQuito $cInstitut français d?études andines$d2015 215 $a1 online resource (463 p.) 311 $a9978-22-654-0 330 $aEl archipiélago de las Galápagos, catalogado como «patrimonio natural de la humanidad», alberga un parque nacional prestigioso que cuenta con ayuda internacional considerable. Destinado a facilitar las investigaciones naturalistas y en principio a servir de modelo para nuevas formas de valorización turística más respetuosas del entorno (ecoturismo), este parque es hoy en día objeto de muchas críticas. El desarrollo de las redes turísticas y migratorias ha acelerado la conexión del archipiélago al territorio ecuatoriano y al mercado mundial. La naturaleza «protegida» se ha convertido en un espacio sometido a las exigencias de rentabilidad de un mundo caracterizado por la mercantilización y la uniformización de los lugares. Esta «conservación contra natura» tiene consecuencias catastróficas para los ecosistemas y los habitantes del archipiélago. Más allá del estudio de una región emblemática, el autor hace una reflexión sobre el sitio del hombre en la naturaleza, verdadero alegato en favor de la preservación de la geodiversidad. Su obra innovadora y estimulante se dirige a todos los actores preocupados por el porvenir de nuestro planeta. Esta edición en español ha sido enriquecida con un epílogo escrito por el autor diez años más tarde, después de dos nuevas misiones en las islas en 2001 y 2005. 606 $aEcotourism$zGalapagos Islands 606 $aNature conservation$zGalapagos Islands 607 $aGalapagos Islands$xEnvironmental aspects 610 $aEquateur 610 $aGalápagos 610 $aprotection 610 $aenvironnement 610 $aécotourisme 610 $adiversité biologique 610 $aressources naturelles 615 0$aEcotourism 615 0$aNature conservation 700 $aGrenier$b Christophe$0885150 701 $aOspina Peralta$b Pablo$01324906 801 0$bFR-FrMaCLE 906 $aBOOK 912 $a9910131261803321 996 $aConservación contra natura. Las Islas Galápagos$93036475 997 $aUNINA